Statistiques concernant Liste des films de Steven Spielberg

Cliquez ici pour prendre le quiz!

Statistiques générales

  • Ce quiz a été pris 129 fois
  • Le résultat moyen est 16 sur 35

Statistiques - réponses

Date de sortieLong Métrage% Correct
1982E.T. l'extra-terrestre
96%
1993Jurassic Park
84%
1975Les Dents de la mer
81%
1993La Liste de Schindler
69%
1998Il faut sauver le soldat Ryan
60%
1971Duel
54%
1989Indiana Jones et la Dernière Croisade
53%
1981Les Aventuriers de l'arche perdue
53%
1984Indiana Jones et le Temple maudit
52%
2018Ready Player One
49%
2005La Guerre des mondes
48%
1997Le Monde Perdu - Jurassic Park
48%
2022The Fabelmans
48%
2021West Side Story
48%
2011Les Aventures de Tintin - Le Secret de la Licorne
47%
2002Minority Report
46%
1977Rencontres du troisième type
46%
2001A.I. Intelligence Artificielle
44%
2002Arrête-moi si tu peux
43%
19791941
41%
1985La Couleur pourpre
40%
2005Munich
40%
2016Le BGG - Le Bon Gros Géant
39%
2015Le Pont des espions
39%
2012Lincoln
38%
2011Cheval de guerre
36%
2008Indiana Jones et le Royaume du crâne de cristal
36%
2004Le Terminal
35%
1997Amistad
34%
1991Hook ou la revanche du Capitaine Crochet
33%
1974Sugarland Express
32%
2017Pentagon Papers
31%
1987Empire du soleil
30%
1989Always - Pour toujours
27%
1983La Quatrième Dimension
20%

Distribution des résultats

Percentile par nombre de réponses

% des personnes avec chaque résultat

Votre développement - résultats

Vous n’avez pas pris ce quiz